000 00402nam a2200145 a 4500
005 20140414093836.0
008 030611s19uu xx 00 eng d
050 _aCDR 700
_bHom 2000c4
245 _aHome publishing suite 2000. Disc 4 :
_bcomplete web &print publishing plus powerful photo editing.
500 _a(Disc 4)
650 _aCD-ROM.
650 _aArt.
942 _cAVM
999 _c109049
_d109049